Europäische Hauptstädte nach Buchstaben- B - Statistiken

Allgemein
  • Dieses Quiz wurde 204 mal gespielt
  • Das Durchschnittsergebnis liegt bei 9 aus 12
Antwortstatistiken
Antwort % Korrekt
Berlin
99%
Brüssel
92%
Budapest
88%
Bern
87%
Bukarest
85%
Bratislava
77%
Belgrad
74%
Lissabon
63%
Dublin
58%
Ljubljana
53%
Zagreb
51%
Luxemburg
44%
Keine übereinstimmenden Quizze gefunden
Verteilung der Resultate
Anzahl Personen mit jedem Resultat
Perzentil nach korrekt beantworteten Fragen
Ihre Resultats-Entwicklung
Sie haben dieses Quiz noch nicht gespielt